| 000 | 00680nam a22002177a 4500 | ||
|---|---|---|---|
| 999 |
_c10857 _d10857 |
||
| 003 | AR-CdUCM | ||
| 008 | 190402b ||||| |||| 00| 0 spa d | ||
| 020 | _a84-89140-45-6 | ||
| 040 |
_aMUNICIPALIDAD PROVINCIAL DEL CUSCO _cBIBLIOTECA MUNICIPAL DEL CUSCO |
||
| 082 |
_aES / 803 / _bD545 |
||
| 245 | _aDiccionario Nauta de Biografías / | ||
| 260 |
_aColombia : _bTerranova editores, _c1996. |
||
| 500 | _aLibro sin numeración | ||
| 505 | _aContenido: Diccionario Lexus. | ||
| 650 |
_aLexus _927911 |
||
| 650 |
_aDiccionario _95196 |
||
| 650 |
_aEducación primaria y secundaria _913163 |
||
| 700 |
_aBonnat, Rita (editora) _927912 |
||
| 942 |
_2ddc _cLIBROS |
||
| 945 | _adavv | ||